[Event "Let's Play Chess!"]
[Site "http://www.queenalice.com/game.php?id=527506"]
[Date "2009.1.23"]
[Round "-"]
[White "ruandeca"]
[Black "iliov2008"]
[Result "0-1"]
[WhiteElo "1159"]
[BlackElo "1435"]

1. e4 e6 2. Bc4 Bc5 3. f3 Qf6 4. d3 Nh6 5. Bd2 Qh4+ 6. g3 Qf6 7. Nh3 Qxb2 8. Nc3
Na6 9. Rc1 Nb4 10. Rb1 Nxc2+ 11. Ke2 Nd4+ 12. Ke1 Qc2 13. Nb5 Nxf3+ 14. Qxf3
Qxb1+ 15. Qd1 Qxd1+ 16. Kxd1 Kd8 17. Rf1 Ng4 18. Rxf7 Nxh2 19. Rxg7 a6 20. Nc3
Bb4 21. Ne2 Bxd2 22. Kxd2 Nf1+ 23. Ke1 Rf8 0-1

[Event "Let's Play Chess!"]
[Site "http://www.queenalice.com/game.php?id=527507"]
[Date "2009.1.23"]
[Round "-"]
[White "ruandeca"]
[Black "paddymalonespub"]
[Result "0-1"]
[WhiteElo "1161"]
[BlackElo "1647"]

1. d4 d5 2. e3 Nc6 3. Bd2 Nf6 4. Qf3 e6 5. Na3 Bxa3 6. bxa3 e5 7. dxe5 Nxe5 8.
Qg3 O-O 9. Qxe5 Ng4 10. Qf4 Qf6 11. Rb1 g5 12. Qxf6 Nxf6 13. Be2 Ne4 14. Bb4 Re8
15. f3 Nf6 16. e4 dxe4 17. Bc3 Nd5 18. Be5 Rxe5 19. Rb5 c6 20. Rb3 b6 21. Nh3 h6
22. c4 Nf4 23. Nxf4 gxf4 24. fxe4 Rxe4 25. g3 Bg4 26. Rb2 Rae8 27. h3 Bxe2 28.
Rh2 Bxc4+ 29. Kd1 fxg3 30. Rhf2 gxf2 31. Rxf2 Re1+ 32. Kc2 R1e2+ 33. Rxe2 Rxe2+
34. Kd1 Rxa2 35. Ke1 f5 36. a4 Rxa4 37. Kf2 Bd5 38. Kg3 f4+ 39. Kf2 Re4 40. Kg2
a5 41. Kf3 a4 42. Kg4 a3 43. Kh5 a2 44. Kxh6 a1=Q 45. h4 Qf6+ 46. Kh5 Bf7+ 47.
Kg4 f3+ 48. Kg3 Qxh4+ 49. Kxf3 Bh5+ 50. Kg2 Qg4+ 51. Kf2 Qf3+ 0-1

[Event "AUTO-OPEN-1414"]
[Site "http://www.queenalice.com/game.php?id=527577"]
[Date "2009.1.23"]
[Round "1"]
[White "alfonso"]
[Black "ruandeca"]
[Result "1-0"]
[WhiteElo "1338"]
[BlackElo "1078"]

1. e4 e5 2. Nf3 f6 3. Bc4 Ne7 4. O-O d6 5. Bb5+ c6 6. Ba4 b5 7. Bb3 Nd7 8. Nh4
Ba6 9. d3 Qa5 10. a3 O-O-O 11. Bd2 Qb6 12. Be6 d5 13. Nf5 Ng6 14. Nd6+ Bxd6 15.
Be3 Qc7 16. a4 Qa5 17. b3 Rde8 18. Bh3 Kb8 19. Bxd7 Qd8 20. Bxc6 Re7 21. Bxd5
Qc7 22. axb5 Bxb5 23. c4 1-0

[Event "AUTO-OPEN-1414"]
[Site "http://www.queenalice.com/game.php?id=527578"]
[Date "2009.1.23"]
[Round "1"]
[White "ruandeca"]
[Black "alfonso"]
[Result "0-1"]
[WhiteElo "1072"]
[BlackElo "1344"]

1. e4 e5 2. Qg4 d6 3. Qh5 Qf6 4. d3 g6 5. Qf3 Qe7 6. Ne2 Be6 7. Be3 h5 8. Nbc3
Bg4 9. Qg3 Qd7 10. O-O-O Na6 11. f3 Be6 12. d4 O-O-O 13. dxe5 Qe8 14. f4 Be7 15.
exd6 cxd6 16. Nd4 Bg4 17. Rd2 Qd7 18. h3 h4 19. Qf2 Bh5 20. g4 Bxg4 21. hxg4
Qxg4 22. Bh3 Nf6 0-1

[Event "AUTO-OPEN-1414"]
[Site "http://www.queenalice.com/game.php?id=527597"]
[Date "2009.1.23"]
[Round "1"]
[White "csegura"]
[Black "ruandeca"]
[Result "1-0"]
[WhiteElo "1385"]
[BlackElo "1086"]

1. d4 d5 2. c3 c6 3. f3 Nf6 4. e4 Be6 5. Bg5 Nh5 6. Qa4 Qc7 7. Qb4 Na6 8. Bxa6
bxa6 9. Ne2 dxe4 10. fxe4 a5 11. Qc5 1-0

[Event "AUTO-OPEN-1414"]
[Site "http://www.queenalice.com/game.php?id=527598"]
[Date "2009.1.23"]
[Round "1"]
[White "ruandeca"]
[Black "csegura"]
[Result "0-1"]
[WhiteElo "1082"]
[BlackElo "1389"]

1. e4 e5 2. f3 f6 3. d3 c6 4. Ne2 d5 5. Be3 Qa5+ 6. c3 Ne7 7. Qd2 Nd7 8. Na3 Nc5
9. d4 Na4 10. dxe5 fxe5 11. Bg5 dxe4 0-1

[Event "AUTO-OPEN-1414"]
[Site "http://www.queenalice.com/game.php?id=527609"]
[Date "2009.1.23"]
[Round "1"]
[White "ruandeca"]
[Black "neves"]
[Result "0-1"]
[WhiteElo "1131"]
[BlackElo "1700"]

1. e4 e5 2. d3 f6 3. Nc3 c5 4. Be3 d6 5. Nd5 Ne7 6. Nxe7 Bxe7 7. Qd2 a5 8. O-O-O
b5 9. Qc3 b4 10. Qd2 a4 11. Nf3 a3 12. bxa3 Rxa3 13. c3 Rxc3+ 14. Kb2 Qa5 15.
Kb1 Qa3 16. Rc1 Rxc1+ 0-1

[Event "AUTO-OPEN-1414"]
[Site "http://www.queenalice.com/game.php?id=527610"]
[Date "2009.1.23"]
[Round "1"]
[White "neves"]
[Black "ruandeca"]
[Result "1-0"]
[WhiteElo "1698"]
[BlackElo "1133"]

1. d4 d5 2. f4 c6 3. e3 Nf6 4. b3 Ne4 5. Nd2 Nc3 6. Qf3 Bf5 7. Bd3 Bxd3 8. cxd3
Na6 9. Ne2 Nxe2 10. Qxe2 e6 11. e4 Nb4 12. Nf3 Qb6 13. a3 Na6 14. b4 O-O-O 15.
Ne5 dxe4 16. Nxf7 Rg8 17. Nxd8 1-0

[Event "AUTO-BEG-285"]
[Site "http://www.queenalice.com/game.php?id=527987"]
[Date "2009.1.23"]
[Round "1"]
[White "ruandeca"]
[Black "samuelrmgs"]
[Result "0-1"]
[WhiteElo "1154"]
[BlackElo "1279"]

1. e4 e5 2. d3 Bc5 3. Na3 Qf6 4. Nf3 d6 5. Be3 Bg4 6. Qe2 Nh6 7. h3 Bxf3 8. gxf3
Bxe3 9. Qxe3 Nc6 10. Nb5 Qe7 11. Rg1 O-O 12. f4 a6 0-1

[Event "AUTO-BEG-285"]
[Site "http://www.queenalice.com/game.php?id=527988"]
[Date "2009.1.23"]
[Round "1"]
[White "samuelrmgs"]
[Black "ruandeca"]
[Result "1-0"]
[WhiteElo "1290"]
[BlackElo "1143"]

1. e4 e6 2. e5 d6 3. exd6 cxd6 4. Bb5+ Bd7 5. Qe2 a6 6. Bc4 Qb6 7. Nf3 Nf6 8. d3
d5 9. Bb3 Nc6 10. Bd2 O-O-O 11. Bg5 Be7 12. Nc3 Nd4 13. Nxd4 1-0

[Event "AUTO-BEG-285"]
[Site "http://www.queenalice.com/game.php?id=527989"]
[Date "2009.1.23"]
[Round "1"]
[White "ruandeca"]
[Black "nonpop"]
[Result "0-1"]
[WhiteElo "1090"]
[BlackElo "1733"]

1. e4 Nc6 2. d3 e5 3. Nc3 Nf6 4. Qg4 Nxg4 5. f3 Nd4 6. Nge2 Nxc2+ 7. Kd1 Nxa1 8.
Ng3 Nf2+ 9. Ke2 Nxh1 10. Nxh1 d5 11. exd5 c6 12. h4 cxd5 13. Bg5 f6 14. Be3 Bf5
15. Nxd5 Qxd5 16. Nf2 O-O-O 17. Nd1 Qxd3+ 18. Ke1 Nc2+ 19. Kf2 Qxd1 20. g4 Qe1+
0-1

[Event "AUTO-BEG-285"]
[Site "http://www.queenalice.com/game.php?id=527990"]
[Date "2009.1.23"]
[Round "1"]
[White "nonpop"]
[Black "ruandeca"]
[Result "1-0"]
[WhiteElo "1735"]
[BlackElo "1088"]

1. e4 e6 2. d4 Bb4+ 3. c3 Ba5 4. Nf3 d6 5. d5 a6 6. Qe2 Nd7 7. Nbd2 Qf6 8. Nc4
Bxc3+ 9. Bd2 Bxb2 10. Rb1 Bc3 11. Rb3 Bxd2+ 12. Qxd2 b6 13. Bd3 Nc5 14. Rb2
Nxd3+ 15. Qxd3 Qxb2 16. Nxb2 Nf6 17. O-O Ng4 18. h3 Nf6 19. e5 exd5 20. exd6
cxd6 21. Re1+ Be6 22. Qa3 O-O-O 23. Qxa6+ Kc7 24. Rc1+ Kd7 25. Qxb6 Rb8 26. Qc7+
1-0